MARC details
| 000 -LÍDER |
| campo de controle de tamanho fixo |
01379nam a2200313 4500 |
| 001 - NÚMERO DE CONTROLE |
| campo de controle |
58 |
| 003 - IDENTIFICADOR DO NÚMERO DE CONTROLE |
| campo de controle |
OSt |
| 005 - DATA E HORÁRIO DA ÚLTIMA TRANSAÇÃO |
| campo de controle |
20250528074010.0 |
| 008 - CAMPO DE DADOS FIXOS--INFORMAÇÃO GERAL |
| campo de controle de tamanho fixo |
250122b |||||||e |||| 00| 1 eng d |
| 040 ## - FONTE DA CATALOGAÇÃO |
| Idioma da catalogação |
por |
| 041 ## - CÓDIGO DE IDIOMA |
| Código do idioma do original e/ou traduções intermediárias do texto |
eng |
| Código do idioma do texto/trilha sonora ou título diferente |
por |
| 082 ## - CDD - CLASSIFICAÇÃO DECIMAL DE DEWEY |
| Número de Classificação |
813 |
| Número do exemplar |
B644p |
| 100 1# - ENTRADA PRINCIPAL--NOME PESSOAL |
| Nome pessoal |
Blatty, William Peter, |
| Datas associadas ao nome |
1928-2017 |
| 9 (RLIN) |
154 |
| 240 ## - TÍTULO UNIFORME |
| Título uniforme |
Twinkle, twinkle, ´´killer´´ Kane |
| 245 ## - TÍTULO |
| Título |
Paranóia / |
| Indicação de responsabilidade, etc. |
Blatty, William Peter ; Tradução de Aurea Weissenberg |
| 260 ## - PUBLICAÇÃO, DISTRIBUIÇÃO, ETC. |
| Local de publicação, distribuição, etc. |
Rio de Janeiro |
| Nome do editor, distribuidor, etc. |
Record |
| Data da publicação, distribuição, etc. |
1966 |
| 300 ## - DESCRIÇÃO FÍSICA |
| Extensão |
179 p. |
| 520 ## - NOTA DE RESUMO, ETC. |
| Resumo, etc. |
O Coronel Kane, um psiquiatra do Corpo de Fuzileiros Navais dos Estados Unidos sofrendo de pesadelos, chega a um castelo no noroeste do Pacífico americano, onde soldados doentes mentais da guerra do Vietnã estão sendo tratados. A equipe do castelo não conseguiu controlar os pacientes, muitos dos quais são suspeitos de fingir sua doença para escapar do combate. O permissivo Kane se abre para ouvir qualquer coisa que os soldados tenham a dizer a ele em um esforço para curá-los, enquanto ao mesmo tempo sofre de seus próprios demônios. |
| 650 #0 - ASSUNTO--TERMO TÓPICO |
| Cabeçalho tópico ou nome geográfico |
Literatura Americana |
| 9 (RLIN) |
84 |
| 650 #0 - ASSUNTO--TERMO TÓPICO |
| Cabeçalho tópico ou nome geográfico |
Psicológico |
| 9 (RLIN) |
85 |
| 650 #0 - ASSUNTO--TERMO TÓPICO |
| Cabeçalho tópico ou nome geográfico |
Terror |
| 9 (RLIN) |
141 |
| 650 #0 - ASSUNTO--TERMO TÓPICO |
| Cabeçalho tópico ou nome geográfico |
Drama |
| 9 (RLIN) |
18 |
| 650 #0 - ASSUNTO--TERMO TÓPICO |
| Cabeçalho tópico ou nome geográfico |
Mistério |
| 9 (RLIN) |
42 |
| 650 #0 - ASSUNTO--TERMO TÓPICO |
| Cabeçalho tópico ou nome geográfico |
Filme |
| 9 (RLIN) |
26 |
| 655 #0 - TERMO DE ÍNDICE--GÊNERO E FORMA |
| Gênero/forma/ou termo foco |
Romance |
| 655 #0 - TERMO DE ÍNDICE--GÊNERO E FORMA |
| Gênero/forma/ou termo foco |
Ficção |
| 700 ## - ENTRADA ADICIONADA - NOME PESSOAL |
| Nome pessoal |
Aurea Weissenberg |
| Função do autor por extenso |
Tradutor |
| 9 (RLIN) |
153 |
| 942 ## - ELEMENTOS DE ENTRADA ADICIONADOS (KOHA) |
| Fonte de classificação ou esquema de arquivamento |
Classificação decimal de Dewey |
| Ocultar no OPAC |
Não |
| Tipo de material Koha |
Livros |